[Event "Women's Speed Chess Q2"]
[Site "chess.com INT"]
[Date "2021.05.29"]
[Round "11"]
[White "Purtseladze, Maka"]
[Black "Serikbay, Assel"]
[Result "1-0"]
[WhiteTitle "IM"]
[BlackTitle "WIM"]
[WhiteElo "2274"]
[BlackElo "2228"]
[WhiteFideId "13602659"]
[BlackFideId "13706799"]
[EventDate "2021.05.29"]

1. b3 e5 2. Bb2 d6 3. e3 g6 4. d4 Nd7 5. Nf3 Bg7 6. Be2 Ne7 7. c4 O-O 8. Nc3 c6
9. Qc2 Qc7 10. O-O f5 11. dxe5 dxe5 12. Ba3 Nf6 13. Rad1 Ne8 14. e4 h6 15. Qd2
Be6 16. Nd5 cxd5 17. exd5 Rd8 18. Qb4 Bxd5 19. Qxe7 Bxf3 20. Rxd8 Bxe2 21. Re1
Qxe7 22. Bxe7 Bh5 23. Bxf8 Kxf8 24. Rb8 e4 25. Rxb7 Bd4 26. Kf1 Nd6 27. Rb8+ Ke7
28. Rc1 Bb2 29. Rc2 Bd4 30. c5 Nf7 31. Rb7+ Ke6 32. Rxa7 Ne5 33. Ra6+ Ke7 34. c6
Bd1 35. c7 Bxc2 36. c8=Q Bd3+ 37. Kg1 Bxa6 38. Qxa6 e3 39. Qb7+ Ke6 40. fxe3
Bxe3+ 41. Kh1 Ng4 42. Qc6+ Ke5 43. g3 Nf2+ 44. Kg2 Ne4 45. Qc7+ Kd5 46. b4 f4
47. Qb7+ Ke5 48. gxf4+ Kxf4 49. Qf7+ Kg4 50. Qxg6+ Kf4 51. Qxh6+ Ke5 52. Qxe3 1-0

[Event "Women's Speed Chess Q2"]
[Site "chess.com INT"]
[Date "2021.05.29"]
[Round "11"]
[White "Ziegenfuss, Antonia"]
[Black "Von Herman, Brigitte"]
[Result "0-1"]
[WhiteTitle "WFM"]
[BlackTitle "WFM"]
[WhiteElo "2157"]
[BlackElo "1991"]
[WhiteFideId "12962554"]
[BlackFideId "4628730"]
[EventDate "2021.05.29"]

1. d4 d5 2. c4 Nc6 3. cxd5 Qxd5 4. e3 e5 5. Nc3 Bb4 6. Bd2 Bxc3 7. bxc3 Nf6 8.
c4 Qd7 9. d5 Ne7 10. Bd3 O-O 11. Ne2 Ng6 12. f3 Re8 13. Qb1 c6 14. dxc6 Qxc6 15.
O-O Be6 16. Rc1 Red8 17. Ba5 b6 18. Be1 Qd6 19. Bf5 Rac8 20. Bxe6 Qxe6 21. Qb4
Nd7 22. a4 Nc5 23. Qc3 Ne7 24. Rd1 Nc6 25. Qc2 h6 26. Ng3 Rd7 27. Rxd7 Qxd7 28.
Rd1 Qe6 29. Ne4 Qe7 30. Bc3 f6 31. Rd5 Ne6 32. Qd2 Rd8 33. Ng3 Qa3 34. Nf5 Qf8
35. Rd7 Rxd7 36. Qxd7 Ncd8 37. Qxa7 Qa3 38. Be1 Qc1 39. Kf1 Qxc4+ 40. Kf2 Qc2+
41. Kg3 Qxf5 42. Qxb6 Qg5+ 43. Kf2 Qh4+ 44. Kf1 Qxh2 45. a5 Qh1+ 46. Kf2 Qh4+
47. Kf1 Qc4+ 48. Kg1 Qc6 49. Qxc6 Nxc6 50. a6 Na7 51. Ba5 Nc8 52. Bc7 Nxc7 0-1

[Event "Women's Speed Chess Q2"]
[Site "chess.com INT"]
[Date "2021.05.29"]
[Round "11"]
[White "Zawadzka, Jolanta"]
[Black "Golubeva, Oksana"]
[Result "1-0"]
[WhiteTitle "WGM"]
[BlackTitle "WFM"]
[WhiteElo "2399"]
[BlackElo "2179"]
[WhiteFideId "1122320"]
[BlackFideId "4170164"]
[EventDate "2021.05.29"]

1. e4 e6 2. b3 b6 3. Bb2 Bb7 4. Nc3 d6 5. Qe2 Nd7 6. O-O-O Qe7 7. f4 O-O-O 8.
Nf3 f6 9. d4 Nh6 10. h3 Nf7 11. g4 h5 12. Bg2 f5 13. gxf5 exf5 14. e5 Re8 15.
Rhg1 g5 16. Rde1 dxe5 17. dxe5 Nc5 18. fxg5 Nxg5 19. Nh4 Nge4 20. Bxe4 fxe4 21.
Ng6 Bh6+ 22. Kb1 Qe6 23. Nxh8 Rxh8 24. Qxh5 Bg7 25. Qg4 Qxg4 26. hxg4 a5 27. Ne2
Re8 28. g5 Nd7 29. e6 Ne5 30. Nf4 Bh8 31. Rh1 Bg7 32. Rh7 Nf3 33. Re2 Bxb2 34.
Kxb2 Nxg5 35. Rh6 Nf3 36. Rh7 Nd4 37. Rd2 c5 38. e7 e3 39. Rdh2 Be4 40. Rh8 Bc6
41. Rxe8+ Bxe8 42. c3 Nf5 43. Nd5 Kd7 44. Nxb6+ Kxe7 45. Nd5+ Kd6 46. Nxe3 Nxe3
47. Re2 Nd1+ 48. Kc1 Bh5 49. Rd2+ Kc6 50. Rxd1 Bxd1 51. Kxd1 c4 52. Kd2 a4 53.
b4 1-0

[Event "Women's Speed Chess Q2"]
[Site "chess.com INT"]
[Date "2021.05.29"]
[Round "11"]
[White "Antolak, Julia"]
[Black "Varshini, V"]
[Result "1-0"]
[WhiteTitle "WIM"]
[BlackTitle "WGM"]
[WhiteElo "2306"]
[BlackElo "2226"]
[WhiteFideId "1159569"]
[BlackFideId "5091241"]
[EventDate "2021.05.29"]

1. e4 c5 2. Nf3 d6 3. d4 cxd4 4. Nxd4 Nf6 5. Nc3 a6 6. Nb3 e6 7. g4 Be7 8. h4
Nfd7 9. g5 b5 10. Be3 Bb7 11. Bg2 Ne5 12. Qe2 Nc4 13. O-O-O Nd7 14. f4 Rc8 15.
Bd4 O-O 16. Nd2 e5 17. fxe5 dxe5 18. Bf2 Nd6 19. Kb1 Qc7 20. Nb3 Nc4 21. Nd5
Bxd5 22. exd5 Bd6 23. Be4 a5 24. h5 a4 25. Nd2 Nc5 26. Nxc4 Nxe4 27. Nxd6 Nxd6
28. h6 g6 29. Qxe5 Qxc2+ 30. Ka1 Nf5 31. Bd4 f6 32. gxf6 Rf7 33. d6 Qc6 34. a3
Qxd6 35. Qxd6 Nxd6 36. Be5 Ne4 37. Rhf1 Rcf8 38. Rd5 Nxf6 39. Rxb5 Ng4 40. Rxf7
Rxf7 41. Bg7 Rf1+ 42. Ka2 Kf7 43. Rb7+ Ke6 44. Rb8 Ne3 45. Rh8 1-0

[Event "Women's Speed Chess Q2"]
[Site "chess.com INT"]
[Date "2021.05.29"]
[Round "11"]
[White "Pham, Le Thao Nguyen"]
[Black "Cori T., Deysi"]
[Result "1-0"]
[WhiteTitle "IM"]
[BlackTitle "WGM"]
[WhiteElo "2369"]
[BlackElo "2388"]
[WhiteFideId "12401226"]
[BlackFideId "3801934"]
[EventDate "2021.05.29"]

1. d4 Nf6 2. Nf3 e6 3. g3 c5 4. c3 Nc6 5. Bg2 Be7 6. O-O O-O 7. Bg5 Ne4 8. Bxe7
Qxe7 9. Nbd2 d5 10. e3 Rd8 11. Qe2 Nxd2 12. Nxd2 e5 13. dxc5 Qxc5 14. Nb3 Qb6
15. Rfd1 Be6 16. Nc1 h6 17. h3 Rac8 18. Nd3 Qb5 19. Rd2 Qa6 20. Nc5 Qxe2 21.
Rxe2 Na5 22. Nxe6 fxe6 23. Rd1 Kf7 24. Kf1 Ke7 25. Ke1 Rd6 26. f4 e4 27. Rc2 Rb6
28. Bf1 Nc6 29. Rcd2 Rc7 30. Kf2 Nb8 31. g4 Nd7 32. Kg3 Nc5 33. b3 Nd7 34. c4
dxc4 35. Bxc4 Rbc6 36. Rd4 a6 37. a4 Nf6 38. f5 exf5 39. gxf5 Rc5 40. Kf4 b5 41.
axb5 axb5 42. Be6 Rc2 43. Rd8 Rf2+ 44. Ke5 Rc5+ 45. Kd4 Rcc2 46. Ra8 Ne8 47.
Ra7+ Kf6 48. Rf7+ Kg5 49. Kxe4 Nf6+ 50. Ke5 Rce2 51. Rxg7+ Kh5 52. Kxf6 Rxe3 53.
Rd4 Rxh3 54. Bf7# 1-0

[Event "Women's Speed Chess Q2"]
[Site "chess.com INT"]
[Date "2021.05.29"]
[Round "11"]
[White "Rakshitta, Ravi"]
[Black "Obregon Garcia, Roxangel"]
[Result "1-0"]
[WhiteTitle "WIM"]
[BlackTitle "WIM"]
[WhiteElo "2190"]
[BlackElo "2167"]
[WhiteFideId "25073230"]
[BlackFideId "3520420"]
[EventDate "2021.05.29"]

1. e4 c5 2. Nf3 Nc6 3. Nc3 d6 4. d4 cxd4 5. Nxd4 Nf6 6. g3 e6 7. Bg2 Be7 8. O-O
O-O 9. Re1 a6 10. Nxc6 bxc6 11. e5 Nd5 12. Ne4 dxe5 13. c4 Nb4 14. Qe2 a5 15. a3
Na6 16. Rd1 Qc7 17. Bg5 Bxg5 18. Nxg5 f6 19. Ne4 Rb8 20. Qc2 f5 21. Nd6 Nc5 22.
Qc3 e4 23. b4 axb4 24. axb4 Nd3 25. c5 Nxb4 26. Ra4 Nd5 27. Qa1 Bd7 28. Ra7 Qd8
29. Qe5 Ra8 30. Rda1 Rxa7 31. Rxa7 Rf6 32. Nb7 Qe7 33. Ra8+ Rf8 34. Rb8 Rxb8 35.
Qxb8+ Kf7 36. Nd6+ Kg6 37. h4 h5 38. Bf1 e5 39. Be2 f4 40. Qb1 Bf5 41. Nxf5 Kxf5
42. Bxh5 Nf6 43. Be2 Qxc5 44. Qd1 1-0

[Event "Women's Speed Chess Q2"]
[Site "chess.com INT"]
[Date "2021.05.29"]
[Round "11"]
[White "Starosta, Martyna"]
[Black "Antonova, Nadezhda"]
[Result "0-1"]
[WhiteTitle "WCM"]
[BlackTitle "WFM"]
[WhiteElo "1910"]
[BlackElo "1877"]
[WhiteFideId "21818754"]
[BlackFideId "14700182"]
[EventDate "2021.05.29"]

1. e4 d6 2. d4 Nf6 3. Nc3 e5 4. Nf3 Nbd7 5. Bc4 Be7 6. a4 O-O 7. O-O c6 8. Ba2
b6 9. h3 a6 10. dxe5 dxe5 11. Re1 Qc7 12. Nh4 g6 13. Bh6 Re8 14. Qf3 Bf8 15. Qe3
Bg7 16. Rad1 Nc5 17. Nf5 Bh8 18. Nd6 Re7 19. Nxf7 Rxf7 20. Bxf7+ Kxf7 21. f4 Be6
22. f5 gxf5 23. exf5 Bxf5 24. Rf1 Bg6 25. Qf2 a5 26. Bg5 Qe7 27. Qh4 Rd8 28.
Rxd8 Qxd8 29. b3 Qd4+ 30. Qxd4 exd4 31. Ne2 Ne6 32. Bxf6 Bxf6 33. c3 d3 34. Nd4
Nxd4 35. cxd4 Ke6 36. Kf2 Bxd4+ 37. Ke1 Kd5 38. Kd2 Be5 39. Rf3 c5 40. g4 c4 41.
bxc4+ Kxc4 42. h4 Bc3+ 43. Kd1 Be8 44. Rf4+ Kb3 45. h5 Bxa4 46. g5 Kb2+ 47. Rxa4
b5 48. Re4 a4 49. g6 hxg6 50. hxg6 a3 51. Re3 a2 52. Rxd3 a1=Q+ 53. Ke2 Qa6 0-1

[Event "Women's Speed Chess Q2"]
[Site "chess.com INT"]
[Date "2021.05.29"]
[Round "11"]
[White "Franco Valencia, Angela"]
[Black "Priyanka, K"]
[Result "0-1"]
[WhiteTitle "WIM"]
[BlackTitle "WIM"]
[WhiteElo "2089"]
[BlackElo "2218"]
[WhiteFideId "4403070"]
[BlackFideId "5082986"]
[EventDate "2021.05.29"]

1. e4 c5 2. Nf3 d6 3. d4 cxd4 4. Nxd4 Nf6 5. Nc3 a6 6. g3 e5 7. Nde2 Be7 8. Bg2
O-O 9. h3 b5 10. a3 Bb7 11. g4 Nbd7 12. Ng3 Nc5 13. g5 Ne8 14. h4 g6 15. h5 Bxg5
16. hxg6 fxg6 17. Nd5 Bxc1 18. Qxc1 Bxd5 19. Qh6 Ra7 20. exd5 Qf6 21. O-O-O Qf4+
22. Qxf4 Rxf4 23. f3 Ng7 24. b4 Na4 25. Ne4 Rd7 26. Rh2 Nh5 27. Bh3 Rd8 28. Be6+
Kf8 29. Rd3 Nb6 30. Bg4 Nf6 31. Nxf6 Rxf6 32. Rxh7 Rf7 33. Rh6 Kg7 34. Rh1 Rh8
35. Rxh8 Kxh8 36. Rd1 Kg7 37. Rh1 Rf4 38. Rg1 Nxd5 39. Bc8 Ne7 40. Bxa6 Rxf3 41.
Bxb5 Rxa3 42. Bd3 Ra1+ 43. Kd2 Rxg1 44. b5 Nc8 45. c4 Nb6 46. Be4 Rg4 47. Ke3
Nxc4+ 48. Kd3 Nb6 49. Bc6 d5 50. Ke3 Rb4 51. Kf3 Kf6 52. Ke3 Kf5 53. Kd2 d4 54.
Kd3 e4+ 55. Kc2 Ke5 56. Be8 d3+ 57. Kc3 Rc4+ 58. Kd2 Rc2+ 59. Kd1 Kd4 60. Bxg6
Ke3 61. Bh5 Nc4 0-1

[Event "Women's Speed Chess Q2"]
[Site "chess.com INT"]
[Date "2021.05.29"]
[Round "11"]
[White "Perez Rodriguez, Jennifer"]
[Black "Zhai, Mo"]
[Result "1-0"]
[WhiteTitle "WIM"]
[BlackTitle "WGM"]
[WhiteElo "2251"]
[BlackElo "2366"]
[WhiteFideId "3507831"]
[BlackFideId "8600201"]
[EventDate "2021.05.29"]

1. e4 c5 2. c3 d5 3. exd5 Qxd5 4. d4 Nf6 5. Nf3 e6 6. Bd3 cxd4 7. cxd4 Nc6 8.
Nc3 Qd8 9. O-O Be7 10. Be3 O-O 11. a3 b6 12. Bc2 Ba6 13. Re1 Rc8 14. Rc1 Re8 15.
Bb1 Na5 16. Ne5 Nc4 17. Nxc4 Bxc4 18. Qc2 g6 19. Rcd1 Nd5 20. Nxd5 Bxd5 21. Qe2
Qd7 22. Bf4 Bf6 23. Be5 Qe7 24. Qe3 Red8 25. Qh6 Bxe5 26. dxe5 Bb3 27. Rxd8+
Qxd8 28. h4 Qd4 29. h5 Bc2 30. hxg6 hxg6 31. Qc1 Qc4 32. Re3 Bd3 33. Qxc4 Bxc4
34. Rc3 Ba6 35. Rxc8+ Bxc8 36. f4 Kf8 37. Be4 Ke7 38. Kf2 Ba6 39. Ke3 f5 40.
exf6+ Kxf6 41. Kd4 g5 42. fxg5+ Kxg5 43. Ke5 Bc4 44. Bc6 Kg4 45. Bd7 Kg3 46.
Bxe6 Bf1 47. Bd5 a5 48. Kd6 b5 49. Kc5 a4 50. Bc6 Kf2 51. Bxb5 Bxg2 52. Bxa4 Ke3
53. Bc6 Bh3 54. b4 Kd3 55. b5 Kc3 56. a4 Kb3 57. a5 Ka4 58. Kb6 Bc8 59. a6 Bxa6
60. bxa6+ 1-0

[Event "Women's Speed Chess Q2"]
[Site "chess.com INT"]
[Date "2021.05.29"]
[Round "11"]
[White "Antova, Gabriela"]
[Black "Sviridova, Vlada"]
[Result "0-1"]
[WhiteTitle "FM"]
[BlackTitle "WFM"]
[WhiteElo "2250"]
[BlackElo "2144"]
[WhiteFideId "2915235"]
[BlackFideId "24109606"]
[EventDate "2021.05.29"]

1. e4 e6 2. d4 d5 3. Nd2 c5 4. exd5 Qxd5 5. Ngf3 cxd4 6. Bc4 Qd7 7. O-O Nc6 8.
Nb3 a6 9. a4 Nf6 10. Nbxd4 Nxd4 11. Nxd4 Qc7 12. Qe2 Bd6 13. h3 O-O 14. Re1 Bh2+
15. Kh1 Bf4 16. a5 Bd7 17. Bxf4 Qxf4 18. Rad1 Rac8 19. Bd3 Rfe8 20. c3 e5 21.
Nc2 Bc6 22. Ne3 Qh4 23. Kg1 Qg5 24. Bf5 Rcd8 25. Bc2 h5 26. Rxd8 Rxd8 27. Rd1
Rxd1+ 28. Qxd1 g6 29. Qd8+ Kg7 30. Bb3 Qf4 31. Qd2 Ne4 32. Qe2 Nc5 33. Bd5 Bxd5
34. Nxd5 Qf5 35. b4 Ne4 36. Qe3 h4 37. c4 Nd6 38. Qc3 Qxf2+ 39. Kxf2 Ne4+ 40.
Ke3 Nxc3 41. Nxc3 Kf6 42. b5 Ke6 43. Ne4 axb5 44. cxb5 Kd5 45. Kd3 f5 46. Nc3+
Kc5 47. Kc2 g5 48. Kd2 e4 49. Nd1 Kxb5 50. Ne3 f4 51. Nd5 Kxa5 52. Nf6 e3+ 53.
Ke2 b5 54. Ne4 b4 55. Nxg5 b3 56. Ne4 b2 57. Nc3 Kb4 58. Nb1 Kb3 59. Kf3 Kc2 60.
Na3+ Kd1 61. Kxf4 e2 62. Kg4 e1=Q 0-1

[Event "Women's Speed Chess Q2"]
[Site "chess.com INT"]
[Date "2021.05.29"]
[Round "11"]
[White "Bodnaruk, Anastasia"]
[Black "Linares Napoles, Oleiny"]
[Result "1-0"]
[WhiteTitle "IM"]
[BlackTitle "WGM"]
[WhiteElo "2457"]
[BlackElo "2255"]
[WhiteFideId "4181751"]
[BlackFideId "3504794"]
[EventDate "2021.05.29"]

1. e4 d6 2. d4 g6 3. Nc3 Bg7 4. Be3 a6 5. h4 h5 6. Qd2 b5 7. O-O-O Bb7 8. f3 Nd7
9. Nh3 Rc8 10. Ng5 c5 11. e5 dxe5 12. dxc5 Ngf6 13. Qf2 Qc7 14. b4 O-O 15. Be2
Bc6 16. a3 a5 17. Kb2 axb4 18. axb4 Ra8 19. Ra1 Qb7 20. Bd3 e4 21. fxe4 Ng4 22.
Qe2 Nxe3 23. Qxe3 Ne5 24. Kb3 Ra4 25. Nxa4 bxa4+ 26. Ka3 Rb8 27. Rab1 Qc7 28.
Be2 Bb5 29. Rhf1 Qc6 30. Rf2 Qa6 31. Bxb5 Qxb5 32. Qe2 Nc4+ 33. Ka2 Bd4 34. Rxf7
Bxc5 35. Rf4 Bd6 36. e5 Nxe5 37. Qxb5 Rxb5 38. Re4 a3 39. Kxa3 Rb8 40. Kb3 Nc6
41. c3 Ne5 42. Rbe1 Ng4 43. Ne6 Nf2 44. Rd4 Kf7 45. Ng5+ Kg8 46. Ne4 Nxe4 47.
Rdxe4 Kf7 48. Rd4 Kf6 49. Rd5 Kf7 50. b5 Kf6 51. c4 Bg3 52. Re3 e6 53. Rd7 Bxh4
54. Kb4 Bf2 55. Rf3+ Ke5 56. Rxf2 g5 57. Re2+ Kf6 58. c5 g4 59. c6 h4 60. c7 Rc8
61. b6 h3 62. gxh3 gxh3 63. Rd8 Rxc7 64. bxc7 h2 65. Rxh2 Ke7 66. c8=Q Kf6 67.
Qc7 e5 68. Qd6+ Kf5 69. Rf8+ Ke4 70. Re2# 1-0

[Event "Women's Speed Chess Q2"]
[Site "chess.com INT"]
[Date "2021.05.29"]
[Round "11"]
[White "Swati, Mohota"]
[Black "Adam, Ernestina"]
[Result "1-0"]
[WhiteTitle "WFM"]
[BlackTitle "WCM"]
[WhiteElo "2027"]
[BlackElo "1354"]
[WhiteFideId "5006511"]
[BlackFideId "165883"]
[EventDate "2021.05.29"]

1. d4 Nf6 2. c4 g6 3. Nf3 Bg7 4. g3 O-O 5. Bg2 d6 6. O-O Nbd7 7. Nc3 e5 8. e4
exd4 9. Nxd4 Nc5 10. Bg5 h6 11. Be3 Re8 12. f3 a5 13. Qd2 Nfd7 14. Bxh6 Bxh6 15.
Qxh6 Qf6 16. Ndb5 Qd8 17. Rad1 Ne5 18. b3 Bd7 19. Nd4 c6 20. Bh3 Bxh3 21. Qxh3
Qf6 22. Qg2 Ne6 23. Nxe6 Rxe6 24. Ne2 a4 25. Nd4 Ree8 26. f4 Ng4 27. Qf3 Nh6 28.
b4 Rad8 29. Rfe1 d5 30. cxd5 cxd5 31. e5 Qe7 32. a3 Qd7 33. Qd3 Rc8 34. Nb5 Qc6
35. Nd6 Rcd8 36. Nxe8 Rxe8 37. Rc1 Qb6+ 38. Qe3 Qb5 39. Qe2 Qb6+ 40. Rc5 Nf5 41.
Kg2 d4 42. Qb5 Qe6 43. Qxb7 Qa2+ 44. Kg1 Ne3 45. Qf3 Rd8 46. Qe2 Qe6 47. Rcc1
Nf5 48. Rcd1 Qd5 49. Rd3 Qc6 50. Qg2 Qb6 51. Red1 Qb5 52. Qe4 Qc4 53. g4 Qc7 54.
gxf5 gxf5 55. Qxf5 Kf8 56. Qf6 Qc4 57. Qh8+ Ke7 58. Qf6+ Ke8 59. Qb6 Rc8 60. Qd6 1-0

[Event "Women's Speed Chess Q2"]
[Site "chess.com INT"]
[Date "2021.05.29"]
[Round "11"]
[White "Ortez, Andrea"]
[Black "Lujan, Carolina"]
[Result "0-1"]
[WhiteTitle "WIM"]
[BlackTitle "IM"]
[WhiteElo "1969"]
[BlackElo "2346"]
[WhiteFideId "6702392"]
[BlackFideId "109878"]
[EventDate "2021.05.29"]

1. e4 c5 2. c3 d5 3. exd5 Qxd5 4. d4 Nf6 5. Nf3 Bg4 6. dxc5 Qxd1+ 7. Kxd1 Na6 8.
b4 O-O-O+ 9. Kc2 Bf5+ 10. Kb2 Nb8 11. Bg5 Ne4 12. Be3 g6 13. Nbd2 Bg7 14. Nxe4
Bxe4 15. Nd2 Bf5 16. Nb3 Nc6 17. Bb5 Nxb4 18. Rad1 Nd5 19. Bd4 e5 20. Be3 Be4
21. Rhg1 Nxe3 22. fxe3 Bh6 23. Rde1 Bd5 24. e4 Be6 25. Re2 Bg4 26. Rf2 Rhf8 27.
Rgf1 Be6 28. Kc2 a6 29. Bd3 Be3 30. Rf3 Bh6 31. h3 Kc7 32. a4 Rd7 33. Na5 Rfd8
34. Bc4 Rd2+ 35. Kb3 Bf4 36. Bxe6 fxe6 37. g3 Bg5 38. Rf7+ R8d7 39. Rxd7+ Rxd7
40. Kc4 Be3 41. Rf6 Bg1 42. Rxe6 Bh2 43. Kb3 Bxg3 44. Nc4 Rd8 45. Rb6 Re8 46. a5
Rb8 47. Kb4 Bf2 48. Re6 Kd7 49. Rf6 Rc8 50. Rb6 Ke7 51. Kb3 Bxc5 52. Rxb7+ Ke6
53. Rxh7 Bf2 54. Kc2 Rb8 55. Nd2 Rd8 56. Nc4 Be3 57. Kb3 Bc5 58. Rh6 Rb8+ 59.
Kc2 Rg8 60. Rxg6+ Rxg6 61. Nd2 Rg2 62. Kd3 Rh2 63. Nc4 Rxh3+ 64. Kc2 Rh8 65. Kb3
Rd8 66. Nb2 Rc8 67. Na4 Be7 68. c4 Rb8+ 69. Kc3 Bb4+ 70. Kd3 Bxa5 71. Nc5+ Ke7
72. Nxa6 Rc8 73. c5 Rc6 74. Nb8 Rxc5 75. Na6 Rc3+ 76. Ke2 Rc6 77. Nb8 Rb6 0-1

[Event "Women's Speed Chess Q2"]
[Site "chess.com INT"]
[Date "2021.05.29"]
[Round "11"]
[White "Mohota, Nisha"]
[Black "Balabayeva, Xeniya"]
[Result "1-0"]
[WhiteTitle "IM"]
[BlackTitle "WFM"]
[WhiteElo "2195"]
[BlackElo "2178"]
[WhiteFideId "5004330"]
[BlackFideId "13719688"]
[EventDate "2021.05.29"]

1. b3 d5 2. Bb2 Bg4 3. f3 Bh5 4. h4 Bg6 5. h5 Bf5 6. g4 Be6 7. h6 f6 8. hxg7
Bxg7 9. d4 Nh6 10. Nh3 Qd6 11. Kf2 Nf7 12. e3 Bd7 13. Nf4 Bh6 14. Nh5 b6 15. Nc3
a6 16. Bd3 Nc6 17. a3 Na5 18. Qe2 b5 19. a4 b4 20. Nd1 Qb6 21. Kg2 Nb7 22. Nf2
Nbd6 23. Nf4 Bxf4 24. exf4 h5 25. Bg6 O-O-O 26. Rxh5 Rxh5 27. Bxh5 Nh6 28. Rh1
Rg8 29. Kf1 Kd8 30. Ke1 Nb7 31. Nd3 Qd6 32. Nc5 Nxc5 33. dxc5 Qxf4 34. Qxa6 Bc8
35. Qe2 e5 36. Kd1 d4 37. a5 Bb7 38. Rf1 Qg3 39. Qf2 Qxf2 40. Rxf2 Rg5 41. Kd2
Ng8 42. Kd3 Ne7 43. Kc4 Nc6 44. Kb5 Kc8 45. a6 Ba8 46. Re2 Kb8 47. Be8 Na7+ 48.
Ka5 Bxf3 49. Rf2 Bxg4 50. Rxf6 e4 51. Rf8 Bc8 52. Bd7 e3 53. Bxc8 Nxc8 54. Bxd4
e2 55. Re8 Rd5 56. Bf2 Rd2 57. a7+ Kb7 58. Rxc8 Kxa7 59. Rxc7+ Kb8 60. Re7 Rxc2
61. Re8+ Kc7 62. Re7+ Kc6 63. Re6+ Kd5 64. Re8 1-0

[Event "Women's Speed Chess Q2"]
[Site "chess.com INT"]
[Date "2021.05.29"]
[Round "11"]
[White "Arabidze, Meri"]
[Black "Narva, Mai"]
[Result "1-0"]
[WhiteTitle "IM"]
[BlackTitle "WIM"]
[WhiteElo "2436"]
[BlackElo "2276"]
[WhiteFideId "13604040"]
[BlackFideId "4500512"]
[EventDate "2021.05.29"]

1. d4 Nf6 2. c4 e6 3. Nf3 c5 4. Nc3 cxd4 5. Nxd4 Nc6 6. g3 Bb4 7. Bg2 O-O 8. O-O
d5 9. cxd5 exd5 10. Bg5 Bxc3 11. bxc3 Be6 12. Rb1 Na5 13. Qa4 b6 14. Rfd1 h6 15.
Bf4 Rc8 16. Nb5 Qd7 17. Qa3 Rfd8 18. Be5 Nc4 19. Qxa7 Nxe5 20. Qxb6 Rb8 21. Qd4
Nc6 22. Qc5 Rdc8 23. Nd6 Rd8 24. Nb5 Rbc8 25. Qb6 Qe7 26. a4 Bf5 27. Rb2 Ne5 28.
Ra2 Bd7 29. Qd4 Rc4 30. Qb6 Rdc8 31. Nd6 R8c6 32. Nxc4 Rxb6 33. Nxb6 Bc6 34. a5
Ned7 35. Nxd5 Bxd5 36. Bxd5 Nc5 37. a6 Nxa6 38. Rxa6 Qxe2 39. Ra8+ Kh7 40. Raa1
Ng4 41. Rf1 Qe5 42. Bg2 h5 43. h3 Nf6 44. c4 Qc5 45. Rac1 g6 46. Kh2 h4 47. g4
Nd7 48. f4 Nf6 49. Rfe1 Qc7 50. Kh1 Qxf4 51. c5 Qc7 52. c6 Kg7 53. Re7 Qf4 54.
Rce1 Ng8 55. Rd7 Qb4 56. Red1 Qc3 57. c7 Nf6 58. Re7 Qc2 59. Rde1 Ng8 60. Rd7
Nf6 61. Rde7 Ng8 62. Bb7 Nxe7 63. Rxe7 Qc1+ 64. Kg2 Qc2+ 65. Kf3 Qb3+ 66. Kf4
Qxb7 67. Kg5 Qc8 68. Kxh4 Kf6 69. Re3 Qh8+ 70. Kg3 Qc8 71. Rf3+ Kg7 72. Rf4 g5
73. h4 f6 74. hxg5 fxg5 75. Rf5 Kg6 76. Kh3 Qxc7 77. Rf3 Qc3 78. Rxc3 1-0

[Event "Women's Speed Chess Q2"]
[Site "chess.com INT"]
[Date "2021.05.29"]
[Round "11"]
[White "Nikolova, Adriana"]
[Black "Avramidou, Anastasia"]
[Result "0-1"]
[WhiteTitle "WGM"]
[BlackTitle "FM"]
[WhiteElo "2243"]
[BlackElo "2238"]
[WhiteFideId "2908689"]
[BlackFideId "4239873"]
[EventDate "2021.05.29"]

1. e4 e6 2. d4 d5 3. Nd2 c5 4. exd5 Qxd5 5. Ngf3 Nf6 6. Bc4 Qd8 7. O-O Be7 8.
Nb3 cxd4 9. Nbxd4 O-O 10. c3 Qc7 11. Bb3 Nc6 12. Nxc6 Qxc6 13. Qe2 b6 14. a4 Bb7
15. a5 bxa5 16. Rxa5 Qb6 17. Rb5 Ba6 18. c4 Bxb5 19. cxb5 a6 20. Bc4 axb5 21.
Bxb5 Bc5 22. Bg5 Ne4 23. Bh4 Nd6 24. Bd3 Nf5 25. Bg5 Rfb8 26. Rb1 h6 27. Bf4 Rd8
28. Ne5 Bd4 29. Nc4 Qa7 30. Rf1 Qc5 31. Qe4 Ra4 32. b3 Ra2 33. g4 Rxf2 34. Rxf2
Bxf2+ 35. Kf1 Ne7 36. b4 Qd4 37. Qh7+ Kf8 38. Be5 Qxd3+ 39. Qxd3 Rxd3 40. Kxf2
Nd5 41. b5 Rb3 42. Nd6 f6 43. Bd4 e5 44. Bc5 Kg8 45. Ke2 Nc3+ 46. Kd2 Nxb5 47.
Kc2 Nxd6 48. Kxb3 Ne4 49. Bb6 Kf7 50. Kc4 Ke6 51. Kd3 Nd6 52. Ke3 g6 53. Kf3 f5
54. gxf5+ gxf5 55. h4 Nc4 56. Ba7 Nb2 57. h5 Nd3 58. Be3 e4+ 59. Ke2 f4 60. Bb6
Kf5 61. Bd4 Kg4 62. Bg7 Kxh5 63. Bf8 Kg5 64. Kf1 h5 65. Kg2 Kg4 66. Be7 f3+ 67.
Kf1 Kf4 68. Bd6+ Ne5 69. Bb8 e3 70. Ke1 h4 71. Kf1 h3 72. Kg1 e2 73. Kf2 h2 74.
Ba7 h1=Q 75. Be3+ Kf5 76. Bh6 Qf1+ 77. Ke3 e1=Q+ 78. Kd4 Qd3+ 79. Kc5 Qec3+ 80.
Kb6 Qb3+ 81. Ka7 Qdb5 82. Bd2 Qb7# 0-1

[Event "Women's Speed Chess Q2"]
[Site "chess.com INT"]
[Date "2021.05.29"]
[Round "11"]
[White "Khalafova, Narmin"]
[Black "Belenkaya, Dina"]
[Result "0-1"]
[WhiteTitle "WGM"]
[BlackTitle "WGM"]
[WhiteElo "2279"]
[BlackElo "2304"]
[WhiteFideId "13402625"]
[BlackFideId "24142654"]
[EventDate "2021.05.29"]

1. e4 d5 2. exd5 Qxd5 3. Nc3 Qe5+ 4. Qe2 Qxe2+ 5. Ngxe2 c6 6. g3 Nf6 7. Bg2 Bf5
8. d3 e5 9. O-O Nbd7 10. h3 Bc5 11. Kh2 h5 12. Rb1 a5 13. a3 a4 14. Bd2 O-O 15.
f4 Bh7 16. fxe5 Nxe5 17. Bg5 Ned7 18. Nf4 Rfe8 19. Rbe1 Bd4 20. Nfe2 Be3 21.
Bxe3 Rxe3 22. Rf4 Rae8 23. Rxa4 Nb6 24. Rf4 Nbd5 25. Nxd5 Nxd5 26. Rf2 f5 27.
Bf3 h4 28. Bxd5+ cxd5 29. gxh4 f4 30. Kg2 f3+ 31. Rxf3 Rxe2+ 32. Rxe2 Rxe2+ 33.
Rf2 Re7 34. Kf3 Kf7 35. Re2 Rc7 36. Ke3 Ke6 37. Kd4+ Kd6 38. Rg2 Bg8 39. Rg6+
Be6 40. c3 b5 41. h5 Rf7 42. h6 gxh6 43. Rxh6 Rf3 44. h4 Rf2 45. b3 Rb2 46. b4
Ra2 47. Rf6 Rxa3 48. Rf4 Ra1 49. Ke3 Re1+ 50. Kd4 Rh1 51. Ke3 Ke5 52. d4+ Kd6
53. Kd2 Rh2+ 54. Kd3 Rh3+ 55. Kd2 Ke7 56. Kc2 Bf7 57. Kd2 Bg6 58. Rf2 Rd3+ 59.
Ke2 Rxc3 60. Rg2 Bh5+ 61. Kd2 Ra3 62. Rg5 Bf7 63. Re5+ Be6 64. h5 Rh3 65. Ke2
Kf6 66. Kf2 Rh4 67. Ke3 Rh3+ 68. Kf4 Rb3 69. h6 Rh3 70. Rxe6+ Kxe6 71. Kg5 Rg3+
72. Kh5 Kf7 73. Kh4 Rg1 74. Kh5 Rh1+ 75. Kg5 Rh2 76. Kf5 Rh5+ 77. Kf4 Rxh6 78.
Ke5 Rh5+ 79. Kd6 Kf6 80. Kc5 Ke6 81. Kxb5 Kd6 82. Kb6 Rh4 83. b5 Rxd4 84. Kb7
Rb4 85. b6 d4 86. Kc8 Rxb6 0-1